The duchess: (Record no. 24379)
[ view plain ]
| 000 -LEADER | |
|---|---|
| fixed length control field | 02523nam a22003257a 4500 |
| 008 - FIXED-LENGTH DATA ELEMENTS--GENERAL INFORMATION | |
| fixed length control field | 090225t xxu||||| |||| 00| 1 eng d |
| 010 ## - LCCN (DPL NO) | |
| LC control number | B-346789-797 |
| 020 ## - INTERNATIONAL STANDARD BOOK NUMBER | |
| International Standard Book Number | 9780007285754 |
| Terms of availability | 395.00 |
| 035 ## - SYSTEM CONTROL NUMBER | |
| System control number | B-346789-797 |
| 037 ## - SOURCE OF ACQUISITION | |
| Source of stock number/acquisition | Aakar Books |
| 040 ## - CATALOGING SOURCE | |
| Original cataloging agency | dpl |
| Language of cataloging | English |
| 082 ## - DEWEY DECIMAL CLASSIFICATION NUMBER | |
| Classification number | N |
| 100 ## - MAIN ENTRY--PERSONAL NAME | |
| Personal name | Foreman, Amanda |
| 245 ## - TITLE STATEMENT | |
| Title | The duchess: |
| Statement of responsibility, etc | by Amanda Foreman |
| Remainder of title | Georgiana: duchess of devonshire / |
| 260 ## - PUBLICATION, DISTRIBUTION, ETC. (IMPRINT) | |
| Place of publication, distribution, etc | London |
| Name of publisher, distributor, etc | Harper Perennial |
| Date of publication, distribution, etc | 2008 |
| 270 ## - ADDRESS | |
| Address | 77-85, Fulham Palace Road, Hammersmith |
| City | London |
| Postal code | W6 8JB |
| 300 ## - PHYSICAL DESCRIPTION | |
| Extent | xvi, 463p. |
| Dimensions | 20cm (pbk) |
| 500 ## - GENERAL NOTE | |
| General note | Includes bibliographical references and index |
| 942 ## - ADDED ENTRY ELEMENTS (KOHA) | |
| Source of classification or shelving scheme | Dewey Decimal Classification |
| Item type | English Books |
| Call number suffix | FOR |
| Classification part | N |
| Withdrawn status | Lost status | Source of classification or shelving scheme | Damaged status | Not for loan | Collection code | Home library | Current library | Date acquired | Source of acquisition | Cost, normal purchase price | Total Checkouts | Total Renewals | Full call number | Barcode | Date last seen | Copy number | Cost, replacement price | Koha item type |
|---|---|---|---|---|---|---|---|---|---|---|---|---|---|---|---|---|---|---|
| Dewey Decimal Classification | Fiction | Bawana | Bawana | 30/09/2009 | Aakar Books / I-173 / 22.6.09 / 18 / 5.6.09 / 6.7.09 | 395.00 | 2 | N FOR | B-346796 | 14/06/2024 | 1 | 395.00 | English Books | |||||
| Dewey Decimal Classification | Fiction | Central Library | Central Library | 30/09/2009 | Aakar Books / I-173 / 22.6.09 / 18 / 5.6.09 / 6.7.09 | 395.00 | 8 | 2 | N FOR | B-346789 | 11/01/2020 | 1 | 395.00 | English Books | ||||
| Written-off vide DLB M. No. 383 dt 16.05.19 | Dewey Decimal Classification | Fiction | Janak Puri | Janak Puri | 30/09/2009 | Aakar Books / I-173 / 22.6.09 / 18 / 5.6.09 / 6.7.09 | 395.00 | 20 | N FOR | B-346793 | 28/06/2018 | 1 | 395.00 | English Books | ||||
| Dewey Decimal Classification | Fiction | Mobile Library | Mobile Library | 30/09/2009 | Aakar Books / I-173 / 22.6.09 / 18 /5.6.09 / 6.7.09 | 395.00 | N FOR | B-346790 | 30/09/2009 | 2 | 395.00 | English Books | ||||||
| Dewey Decimal Classification | Fiction | Mobile Library | Mobile Library | 30/09/2009 | Aakar Books / I-173 / 22.6.09 / 18 / 5.6.09 / 6.7.09 | 395.00 | N FOR | B-346791 | 30/09/2009 | 2 | 395.00 | English Books | ||||||
| Dewey Decimal Classification | Fiction | Patel Nagar | Patel Nagar | 30/09/2009 | Aakar Books / I-173 / 22.6.09 / 18 / 5.6.09 / 6.7.09 | 395.00 | N FOR | B-346792 | 30/09/2009 | 1 | 395.00 | English Books | ||||||
| Written-off vide DLB M. No. 383 dt 16.05.19 | Dewey Decimal Classification | Fiction | Sarojini Nagar | Sarojini Nagar | 30/09/2009 | Aakar Books / I-173 / 22.6.09 / 18 / 5.6.09 / 6.7.09 | 395.00 | N FOR | B-346794 | 30/09/2009 | 1 | 395.00 | English Books | |||||
| Dewey Decimal Classification | Fiction | Shahdara Branch | Shahdara Branch | 30/09/2009 | Aakar Books / I-173 / 22.6.09 / 18 / 5.6.09 / 6.7.09 | 395.00 | N FOR | B-346797 | 30/09/2009 | 1 | 395.00 | English Books | ||||||
| Dewey Decimal Classification | Fiction | Vinoba Puri | Vinoba Puri | 30/09/2009 | Aakar Books / I-173 / 22.6.09 / 18 / 5.6.09 / 6.7.09 | 395.00 | 19 | 3 | N FOR | B-346795 | 12/03/2025 | 1 | 395.00 | English Books |
